50 specialty libraries of New York City : (Record no. 600967)

000 -LEADER
fixed length control field 00284nam a2200109Ia 4500
008 - FIXED-LENGTH DATA ELEMENTS--GENERAL INFORMATION
fixed length control field 230907s9999||||xx |||||||||||||| ||und||
082 ## - DEWEY DECIMAL CLASSIFICATION NUMBER
Classification number 26.97471
100 ## - MAIN ENTRY--PERSONAL NAME
Personal name Ballard, Terry,
9 (RLIN) 116077
245 #0 - TITLE STATEMENT
Title 50 specialty libraries of New York City :
300 ## - PHYSICAL DESCRIPTION
Extent xx, 171 pages :
942 ## - ADDED ENTRY ELEMENTS (KOHA)
Koha item type Book
Holdings
Withdrawn status Lost status Damaged status Not for loan Permanent Location Current Location Date acquired Total Checkouts Full call number Barcode Date last seen Price effective from Koha item type
        US-Pakistan Center for Advanced Studies in Energy (USPCAS-E) US-Pakistan Center for Advanced Studies in Energy (USPCAS-E) 11/15/2019   026.97471 CAS-E0005066 09/12/2023 09/12/2023 Book
© 2023 Central Library, National University of Sciences and Technology. All Rights Reserved.